| 000 | 01833nam0a2200337 4500 | ||
|---|---|---|---|
| 001 | RU\NLR\BIBL_A\011861975 | ||
| 005 | 20181203165603.0 | ||
| 010 |
_a978-5-8231-0804-1 _9300 |
||
| 021 |
_aRU _bКН-П-18-077684 _9КН-П-18-5622 |
||
| 035 | _a(NLR Aleph) 011861975 | ||
| 035 | _a(RuMoRGB)009774205 | ||
| 090 |
_a12158767 _c12158767 |
||
| 100 | _a20181113d2018 u y0rusy50 ca | ||
| 101 | 0 | _arus | |
| 102 | _aRU | ||
| 105 | _aa zzzz000|1yy | ||
| 200 | 1 |
_aСовременные проблемы менеджмента _eучебное пособие _fН. В. Роздольская, Ю. А. Мозговая _gАвтономная некоммерческая организация высшего образования "Белгородский университет кооперации, экономики и права" |
|
| 205 | _a2-е изд., с изм. и доп. | ||
| 210 |
_aБелгород _cИзд-во Белгородского университета кооперации, , экономики и права _d2018 |
||
| 215 |
_a289 с. _cил., табл. _d21 |
||
| 300 | _aНа обороте тит. л. авт.: Роздольская И. В., д. э. н., проф., Мозговая Ю. А., к. э. н., доц. | ||
| 320 | _aБиблиогр.: с. 279-289 | ||
| 606 | 1 |
_aМенеджмент _jУчебные издания для высших учебных заведений _yРоссийская Федерация _92081414 _3RU\NLR\AUTH\661257394 |
|
| 686 | 1 | _aУ21(2)9(2Р)я73 | |
| 700 | 1 |
_aРоздольская _bИ. В. _gИрина Владимировна |
|
| 701 | 1 |
_aМозговая _bЮ. А. _gЮлия Александровна |
|
| 942 | _cBOOK | ||
| 980 | _aNBR | ||
| 980 | _aNB | ||